Search for new particles in events with energetic jets and large missing transverse momentum in proton-proton collisions at √s = 13 TeV; Journal of High Energy Physics; Vol. 2021, iss. 11

গ্রন্থ-পঞ্জীর বিবরন
Parent link:Journal of High Energy Physics
Vol. 2021, iss. 11.— 2021.— [153, 71 p.]
সংস্থা লেখক: Национальный исследовательский Томский политехнический университет Исследовательская школа физики высокоэнергетических процессов
অন্যান্য লেখক: Tumasyan A. R., Adam W. Wolfgang, Andrejkovic J. W. Aleksandr Dmitrievich, Babaev A. A. Anton Anatoljevich, Okhotnikov V. V. Vitaly Vladimirovich
সংক্ষিপ্ত:Title screen
A search is presented for new particles produced at the LHC in proton-proton collisions at √s = 13 TeV, using events with energetic jets and large missing transverse momentum. The analysis is based on a data sample corresponding to an integrated luminosity of 101 fb−1, collected in 2017-2018 with the CMS detector. Machine learning techniques are used to define separate categories for events with narrow jets from initial-state radiation and events with large-radius jets consistent with a hadronic decay of a W or Z boson. A statistical combination is made with an earlier search based on a data sample of 36 fb−1, collected in 2016. No significant excess of events is observed with respect to the standard model background expectation determined from control samples in data. The results are interpreted in terms of limits on the branching fraction of an invisible decay of the Higgs boson, as well as constraints on simplified models of dark matter, on first-generation scalar leptoquarks decaying to quarks and neutrinos, and on models with large extra dimensions. Several of the new limits, specifically for spin-1 dark matter mediators, pseudoscalar mediators, colored mediators, and leptoquarks, are the most restrictive to date.
ভাষা:ইংরেজি
প্রকাশিত: 2021
বিষয়গুলি:
অনলাইন ব্যবহার করুন:https://doi.org/10.1007/JHEP11(2021)153
বিন্যাস: MixedMaterials বৈদ্যুতিক গ্রন্থের অধ্যায়
KOHA link:https://koha.lib.tpu.ru/cgi-bin/koha/opac-detail.pl?biblionumber=668742

MARC

LEADER 00000naa0a2200000 4500
001 668742
005 20250526110841.0
035 |a (RuTPU)RU\TPU\network\39979 
035 |a RU\TPU\network\39978 
090 |a 668742 
100 |a 20230123d2021 k||y0rusy50 ba 
101 0 |a eng 
102 |a DE 
135 |a drcn ---uucaa 
181 0 |a i  
182 0 |a b 
200 1 |a Search for new particles in events with energetic jets and large missing transverse momentum in proton-proton collisions at √s = 13 TeV  |f A. R. Tumasyan, W. Adam, J. W. Andrejkovic [et al.] 
203 |a Text  |c electronic 
300 |a Title screen 
320 |a [References: 99 tit.] 
330 |a A search is presented for new particles produced at the LHC in proton-proton collisions at √s = 13 TeV, using events with energetic jets and large missing transverse momentum. The analysis is based on a data sample corresponding to an integrated luminosity of 101 fb−1, collected in 2017-2018 with the CMS detector. Machine learning techniques are used to define separate categories for events with narrow jets from initial-state radiation and events with large-radius jets consistent with a hadronic decay of a W or Z boson. A statistical combination is made with an earlier search based on a data sample of 36 fb−1, collected in 2016. No significant excess of events is observed with respect to the standard model background expectation determined from control samples in data. The results are interpreted in terms of limits on the branching fraction of an invisible decay of the Higgs boson, as well as constraints on simplified models of dark matter, on first-generation scalar leptoquarks decaying to quarks and neutrinos, and on models with large extra dimensions. Several of the new limits, specifically for spin-1 dark matter mediators, pseudoscalar mediators, colored mediators, and leptoquarks, are the most restrictive to date. 
461 |t Journal of High Energy Physics 
463 |t Vol. 2021, iss. 11  |v [153, 71 p.]  |d 2021 
610 1 |a электронный ресурс 
610 1 |a труды учёных ТПУ 
610 1 |a Hadron-Hadron scattering (experiments) 
610 1 |a Higgs physics 
610 1 |a Beyond Standard Model 
610 1 |a Dark matter 
701 1 |a Tumasyan  |b A. R. 
701 1 |a Adam  |b W.  |g Wolfgang 
701 1 |a Andrejkovic  |b J. W.  |g Aleksandr Dmitrievich 
701 1 |a Babaev  |b A. A.  |c physicist  |c engineer-issledovatelskogo Polytechnic University, candidate of physical and mathematical Sciences  |f 1981-  |g Anton Anatoljevich  |3 (RuTPU)RU\TPU\pers\35154  |9 18420 
701 1 |a Okhotnikov  |b V. V.  |c physicist  |c engineer of Tomsk Polytechnic University  |f 1992-  |g Vitaly Vladimirovich  |3 (RuTPU)RU\TPU\pers\36453 
712 0 2 |a Национальный исследовательский Томский политехнический университет  |b Исследовательская школа физики высокоэнергетических процессов  |c (2017- )  |3 (RuTPU)RU\TPU\col\23551 
801 0 |a RU  |b 63413507  |c 20230123  |g RCR 
850 |a 63413507 
856 4 |u https://doi.org/10.1007/JHEP11(2021)153 
942 |c CF